Welding skills and practices (Record no. 83095)

MARC details
000 -LEADER
fixed length control field 00977nam a2200193 a 4500
008 - FIXED-LENGTH DATA ELEMENTS--GENERAL INFORMATION
fixed length control field 120416s1971 xx |||||||||||||| || u
050 ## - LIBRARY OF CONGRESS CALL NUMBER
Classification number TS 227 Gia
100 ## - MAIN ENTRY--PERSONAL NAME
Personal name Giachino, Joseph William
245 10 - TITLE STATEMENT
Title Welding skills and practices
250 ## - EDITION STATEMENT
Edition statement 4th ed.
260 ## - PUBLICATION, DISTRIBUTION, ETC.
Date of publication, distribution, etc. 1971
350 ## -
-- 0.00
650 ## - SUBJECT ADDED ENTRY--TOPICAL TERM
Topical term or geographic name entry element WELDING
650 ## - SUBJECT ADDED ENTRY--TOPICAL TERM
Topical term or geographic name entry element WELDING--STUDY AND TEACHING
995 ## -
-- BINDERY (DAMAGED)
-- 0.00
-- 716574
-- CBU-MAIN LIBRARY (Kitwe)
-- 2
-- 10.80
-- TS 227 Gia
-- 1
-- DAMAGED
-- 017641
-- Main Library Open Access Collection
995 ## -
-- BINDERY (DAMAGED)
-- 0.00
-- 017643
-- CBU-MAIN LIBRARY (Kitwe)
-- 4
-- 10.80
-- TS 227 Gia
-- 3
-- DAMAGED
-- 017643
-- Main Library Open Access Collection
995 ## -
-- BINDERY (DAMAGED)
-- 0.00
-- 718199
-- CBU-MAIN LIBRARY (Kitwe)
-- 1
-- 10.80
-- TS 227 Gia
-- 4
-- AVAILABLE
-- 017645
-- Main Library Open Access Collection
995 ## -
-- ANNEX COLLECTION (Main Library)
-- 0.00
-- 017642
-- CBU-MAIN LIBRARY (Kitwe)
-- 3
-- 10.80
-- TS 227 Gia
-- 2
-- AVAILABLE
-- 017642
-- Annex Low-Usage Collection
999 ## -
-- 83095
-- 83095
Holdings
Withdrawn status Lost status Source of classification or shelving scheme Damaged status Not for loan Permanent Location Current Location Shelving location Date acquired Total Checkouts Full call number Barcode Date last seen Copy number Price effective from Koha item type
          CBU-MAIN LIBRARY, KITWE. CBU-MAIN LIBRARY, KITWE.   10/25/2023   TS 227 Gia 017641 10/25/2023 1 10/25/2023 MONOGRAPH
          CBU-MAIN LIBRARY, KITWE. CBU-MAIN LIBRARY, KITWE.   10/25/2023   TS 227 Gia 017643 10/25/2023 2 10/25/2023 MONOGRAPH
          CBU-MAIN LIBRARY, KITWE. CBU-MAIN LIBRARY, KITWE.   10/25/2023   TS 227 Gia 017645 10/25/2023 3 10/25/2023 MONOGRAPH
          CBU-MAIN LIBRARY, KITWE. CBU-MAIN LIBRARY, KITWE.   10/25/2023   TS 227 Gia 017642 10/25/2023 4 10/25/2023 MONOGRAPH